Green building with concrete : (Record no. 596400)

000 -LEADER
fixed length control field 00284nam a2200109Ia 4500
008 - FIXED-LENGTH DATA ELEMENTS--GENERAL INFORMATION
fixed length control field 230907s9999||||xx |||||||||||||| ||und||
082 ## - DEWEY DECIMAL CLASSIFICATION NUMBER
Classification number 693/.5
Author Mark GRE
245 #0 - TITLE STATEMENT
Title Green building with concrete :
260 ## - PUBLICATION, DISTRIBUTION, ETC.
Place of publication, distribution, etc. CRC Press,
Name of publisher, distributor, etc. Boca Raton, FL :
Date of publication, distribution, etc. 2011
300 ## - PHYSICAL DESCRIPTION
Extent xv, 320 p. :
942 ## - ADDED ENTRY ELEMENTS (KOHA)
Koha item type Book
Holdings
Withdrawn status Lost status Damaged status Not for loan Permanent Location Current Location Date acquired Total Checkouts Full call number Barcode Date last seen Price effective from Koha item type
        US-Pakistan Center for Advanced Studies in Energy (USPCAS-E) US-Pakistan Center for Advanced Studies in Energy (USPCAS-E) 02/14/2018   693/.5 GRE CAS-E0000499 09/12/2023 09/12/2023 Book
© 2023 Central Library, National University of Sciences and Technology. All Rights Reserved.